La anticipación del retiro en las industrias agotadoras. (Record no. 24284)
[ view plain ]
| 000 -LEADER | |
|---|---|
| campo de control de longitud fija | 00600nam a2200181 i 4500 |
| 001 - NÚMERO DE CONTROL | |
| campo de control | 24284 |
| 003 - IDENTIFICADOR DE NÚMERO DE CONTROL | |
| campo de control | ES-MaACL |
| 005 - FECHA Y HORA DE LA ÚLTIMA TRANSACCIÓN | |
| campo de control | 20230906153024.0 |
| 007 - CAMPO FIJO DE DESCRIPCIÓN FÍSICA--INFORMACIÓN GENERAL | |
| campo de control de longitud fija | t| |
| 008 - DATOS DE LONGITUD FIJA--INFORMACIÓN GENERAL | |
| campo de control de longitud fija | 021217s1925 sp ||||1| spa d |
| 245 03 - MENCIÓN DEL TÍTULO | |
| Título | La anticipación del retiro en las industrias agotadoras. |
| 260 ## - PUBLICACIÓN, DISTRIBUCIÓN, ETC. | |
| Lugar de publicación, distribución, etc. | Madrid : |
| Nombre del editor, distribuidor, etc. | [s.n., |
| Fecha de publicación, distribución, etc. | 1925] ( |
| Fabricante | Sobrinos de los Suc. de M. Minuesa) |
| 300 ## - DESCRIPCIÓN FÍSICA | |
| Extensión | IV, 138 p., 1 lám. ; |
| Dimensiones | 22 cm. |
| 490 1# - MENCIÓN DE SERIE | |
| Mención de serie | Publicaciones del Instituto Nacional de Previsión |
| 830 0# - PUNTO DE ACCESO ADICIONAL DE SERIE-TÍTULO UNIFORME | |
| Título uniforme | Publicaciones del Instituto Nacional de Previsión |
| 9 (RLIN) | 181151 |
| 852 ## - LOCALIZACIÓN | |
| Ubicación | ES-MaACL |
| Número de control de estantería | 1691-F-28 |
| Estatus retirado | Estado de pérdida | Estado de daño | No para préstamo | Colección | Biblioteca de origen | Biblioteca actual | Ubicación en estantería | Fecha de adquisición | Fuente de adquisición | Total de préstamos | Signatura topográfica completa | Código de barras | Visto por última vez | Precio de reemplazo | Tipo de ítem Koha |
|---|---|---|---|---|---|---|---|---|---|---|---|---|---|---|---|
| Colección de folletos | Biblioteca del Ateneo de Madrid | Biblioteca del Ateneo de Madrid | Depósito folletos | 17/01/2008 | 1691-F-28 | 1025036 | 23/02/2023 | 23/02/2023 | Folleto |
